000 00520nmm a2200169Ia 4500
008 251105s9999||||xx |||||||||||||||||und||
020 _a9788499218298
041 _aspa
100 _aSotos Serrano, María
245 0 _aMaria Antònia Canals i Tolosa: renovación pedagógica y didáctica de las matemáticas
264 _a[Madrid, España] :
_bOctaedro,
_c2016
300 _a144 páginas
490 _aRosa Sensat
650 _aEducation
856 _uhttps://public.digitaliapublishing.com/a/59044
942 _cCF
999 _c92548
_d92548